<?xml version="1.0" encoding="UTF-8"?>
<record
    xmlns:xsi="http://www.w3.org/2001/XMLSchema-instance"
    xsi:schemaLocation="http://www.loc.gov/MARC21/slim http://www.loc.gov/standards/marcxml/schema/MARC21slim.xsd"
    xmlns="http://www.loc.gov/MARC21/slim">

  <leader>01314nam a22001337a 4500</leader>
  <datafield tag="999" ind1=" " ind2=" ">
    <subfield code="c">533259</subfield>
    <subfield code="d">533259</subfield>
  </datafield>
  <controlfield tag="008">260505b           ||||| |||| 00| 0 eng d</controlfield>
  <datafield tag="100" ind1=" " ind2=" ">
    <subfield code="a">Danish,  Mohd Shadab and  Bhanumurthy, N.R.</subfield>
    <subfield code="9">60381</subfield>
  </datafield>
  <datafield tag="245" ind1=" " ind2=" ">
    <subfield code="a">Formal credit and persistent constraints: Revisiting access to finance among INDIAN enterprises</subfield>
  </datafield>
  <datafield tag="260" ind1=" " ind2=" ">
    <subfield code="a">Economic &amp; Political Weekly  </subfield>
  </datafield>
  <datafield tag="300" ind1=" " ind2=" ">
    <subfield code="a">61(16), Apr 18, 2026: p.65-73</subfield>
  </datafield>
  <datafield tag="520" ind1=" " ind2=" ">
    <subfield code="a">Access to finance remains a central concern in developing economies, such as India, where resource gaps constrain economic activity. Using World Bank Enterprise Surveys (2014, 2022), this paper examines institutional credit access among Indian small and medium enterprises. Generalised estimating equations logit estimates show no significant improvement over time; firms in 2022 were about 12 percentage points less likely to access credit than in 2014. Female-managed firms, exporters, and SMEs exhibit higher access, while micro-firms remain excluded. Women-led firms report borrowing costs as a key constraint. The findings highlight a dual challenge: expanding credit access and reducing transaction and compliance burdens.-Reproduced 

https://www.epw.in/journal/indias-industrial-transformation/formal-credit-and-persistent-constraints.html
</subfield>
  </datafield>
  <datafield tag="773" ind1=" " ind2=" ">
    <subfield code="a">Economic &amp; Political Weekly  </subfield>
  </datafield>
  <datafield tag="942" ind1=" " ind2=" ">
    <subfield code="c">AR</subfield>
  </datafield>
  <datafield tag="952" ind1=" " ind2=" ">
    <subfield code="0">0</subfield>
    <subfield code="1">0</subfield>
    <subfield code="2">ddc</subfield>
    <subfield code="4">0</subfield>
    <subfield code="7">0</subfield>
    <subfield code="9">408429</subfield>
    <subfield code="a">IIPA</subfield>
    <subfield code="b">IIPA</subfield>
    <subfield code="d">2026-05-05</subfield>
    <subfield code="h">61(16), Apr 18, 2026: p.65-73</subfield>
    <subfield code="p">AR138771</subfield>
    <subfield code="r">2026-05-05</subfield>
    <subfield code="y">AR</subfield>
  </datafield>
</record>
